[Event "Caissa GM Sept 2011"]
[Site "Kecskemet HUN"]
[Date "2011.09.18"]
[Round "2.1"]
[White "Ilincic,Z"]
[Black "Sax,G"]
[Result "1/2-1/2"]
[WhiteElo "2467"]
[BlackElo "2492"]

1.d4 Nf6 2.c4 e6 3.Nf3 c5 4.d5 exd5 5.cxd5 d6 6.Nc3 g6 7.g3 Bg7 8.Bg2 O-O
9.O-O a6 10.a4 Nbd7 11.Nd2 Re8 12.a5 b5 13.axb6 Nxb6 14.Nb3 Nc4 15.Ra4 Nb6
16.Ra2 Nc4 17.Ra4 Nb6 18.Ra2 Nc4  1/2-1/2

[Event "ch-Euro Youth b16"]
[Site "Albena BUL"]
[Date "2011.09.19"]
[Round "8.8"]
[White "Doros,R"]
[Black "Srbis,J"]
[Result "1-0"]
[WhiteElo "2338"]
[BlackElo "2292"]

1.d4 Nf6 2.c4 e6 3.Nf3 c5 4.d5 d6 5.Nc3 exd5 6.cxd5 g6 7.Bf4 Bg7 8.Qa4+ Bd7
9.Qb3 b5 10.Bxd6 Qb6 11.Be5 O-O 12.e3 b4 13.Nb1 Bb5 14.Bxb5 Qxb5 15.Na3 Qa6
16.Nc4 Nxd5 17.O-O Nc6 18.Bxg7 Kxg7 19.Rfd1 Rad8 20.Rac1 Rfe8 21.Rd2 Nf6
22.Nd6 Re7 23.Ng5 Na5 24.Qd1 Rdd7 25.Ne8+ Kh6 26.Nxf6 Rxd2 27.Ng8+ Kg7 28.Qxd2 Rc7
29.Qd8 Qc6 30.Ne7  1-0

[Event "4th Mumbai Mayors Cup"]
[Site "Mumbai IND"]
[Date "2011.09.20"]
[Round "7"]
[White "Aleksandrov,A"]
[Black "Rathnakaran,K"]
[Result "1-0"]
[WhiteElo "2618"]
[BlackElo "2386"]

1.d4 Nf6 2.c4 c5 3.d5 e6 4.Nc3 exd5 5.cxd5 d6 6.Nf3 g6 7.Bf4 a6 8.a4 Bg7
9.h3 O-O 10.e3 Qe7 11.Be2 Nbd7 12.O-O Rb8 13.Bh2 Rd8 14.Nd2 Ne8 15.Re1 Be5
16.Bxe5 Nxe5 17.a5 Ng7 18.Bf1 Nf5 19.Rb1 Qc7 20.Qa4 Bd7 21.Qa3 Bb5 22.Nxb5 axb5
23.Bxb5 Ra8 24.Ra1 Ra7 25.b4 Rda8 26.f4 cxb4 27.Qxb4 Rxa5 28.Rxa5 Rxa5 29.fxe5 Qb6
30.Nc4 Rxb5 31.Qa4 Qc5 32.exd6 Kf8 33.Qa8+ Kg7 34.d7 Qxc4 35.d8=Q  1-0

[Event "Vasteras Open"]
[Site "Vasteras SWE"]
[Date "2011.09.23"]
[Round "4"]
[White "Brynell,S"]
[Black "Olund,Joar"]
[Result "1-0"]
[WhiteElo "2491"]
[BlackElo "2143"]

1.d4 Nf6 2.c4 c5 3.d5 e6 4.Nc3 exd5 5.cxd5 d6 6.Nf3 g6 7.e4 Bg7 8.Be2 O-O
9.O-O Bg4 10.Bf4 a6 11.a4 Qe7 12.e5 dxe5 13.d6 Qe6 14.Re1 Nbd7 15.Bxa6 Rab8
16.Bb5 Rbd8 17.Qc2 Nh5 18.h3 f5 19.Be3 Ndf6 20.Rad1  1-0

[Event "4th Mumbai Mayors Cup"]
[Site "Mumbai IND"]
[Date "2011.09.24"]
[Round "11"]
[White "Navalgund,N"]
[Black "Abu Sufian,S"]
[Result "1/2-1/2"]
[WhiteElo "2161"]
[BlackElo "2374"]

1.d4 Nf6 2.c4 c5 3.d5 e6 4.Nc3 exd5 5.cxd5 d6 6.Nf3 g6 7.Bf4 Bg7 8.Qa4+ Bd7
9.Qb3 Qc7 10.e4 O-O 11.Nd2 Nh5 12.Be3 a6 13.a4 f5 14.exf5 Bxf5 15.Be2 Nf6
16.h3  1/2-1/2

[Event "Dinos-Guajes"]
[Site "Aviles ESP"]
[Date "2011.09.26"]
[Round "1"]
[White "Bajo Gutierrez,I"]
[Black "Gonzalez Menendez,I"]
[Result "1/2-1/2"]
[WhiteElo "2264"]
[BlackElo "2425"]

1.d4 Nf6 2.c4 c5 3.d5 e6 4.Nc3 exd5 5.cxd5 d6 6.Nf3 g6 7.h3 a6 8.a4 Qe7 9.Bf4 Bg7
10.e3 O-O 11.Be2 Nfd7 12.O-O Ne5 13.Nxe5 Bxe5 14.Bxe5 Qxe5 15.Qb3 Nd7 16.a5 Rb8
17.Na4 Nf6 18.Nb6 Bf5 19.Rad1 Rfd8 20.Nc4 Qe7 21.Rfe1 Bd7 22.Nb6 Ne4 23.Bd3 Ng5
24.Nxd7 Rxd7 25.Bxa6 Ra8 26.Bb5 Rdd8 27.Ra1 Qc7 28.Bd3 Qe7 29.h4 Ne4 30.Bxe4 Qxe4
31.Ra4 Qe7 32.g3 h5 33.Rea1 Ra6 34.Kg2 Rda8 35.Qb5 Kg7 36.b4 Qe4+ 37.Kg1 Qxd5
38.bxc5 dxc5 39.Rb1 R8a7 40.Rd4 Qc6 41.Rd7 Qxb5 42.Rxb5 Rxa5 43.Rbxb7 Rxb7
44.Rxb7 Ra2 45.Rc7 Rc2 46.Kf1 Kf6 47.f4 Ke6 48.e4 Rc4 49.e5 Rc2 50.Kg1 c4
51.Kf1 c3 52.Ke1 Rc1+ 53.Ke2 c2 54.Rc6+ Kd7 55.Rd6+ Ke7 56.Kd2 Rg1 57.Kxc2 Rxg3
58.Kd2 Rh3 59.Ra6 Rxh4 60.Ke3 Rh1 61.Ra7+ Ke6 62.Ra6+ Ke7 63.Ra7+ Ke6  1/2-1/2

[Event "Tatry Open"]
[Site "Tatranske Zruby SVK"]
[Date "2011.09.27"]
[Round "4.19"]
[White "Czajkowski,R"]
[Black "Daels,M"]
[Result "1/2-1/2"]
[WhiteElo "2107"]
[BlackElo "2233"]

1.d4 Nf6 2.Nf3 c5 3.d5 e6 4.c4 d6 5.Nc3 exd5 6.cxd5 g6 7.e4 a6 8.a4 Bg4 9.Be2 Bxf3
10.Bxf3 Bg7 11.Bf4 O-O 12.O-O Qe7 13.Re1 Nbd7 14.Bg3 h5 15.h3 Rfe8 16.a5 Qf8
17.Qb3 Rab8 18.Na4 g5 19.Nb6 Ne5 20.Nc4 Nxc4 21.Qxc4 h4 22.Bh2 Nd7 23.Qc2 Ne5  1/2-1/2

[Event "Sub-Zonal 2.3.4 2011"]
[Site "Pereira COL"]
[Date "2011.09.29"]
[Round "10"]
[White "Castro,O"]
[Black "Rios,Al"]
[Result "1-0"]
[WhiteElo "2382"]
[BlackElo "2362"]

1.d4 Nf6 2.c4 e6 3.Nf3 c5 4.d5 exd5 5.cxd5 d6 6.Nc3 g6 7.e4 Bg7 8.Bf4 O-O
9.Be2 Bg4 10.O-O Re8 11.Qc2 Na6 12.Rad1 Rc8 13.h3 Bxf3 14.Bxf3 c4 15.Rfe1 Qb6
16.e5 dxe5 17.Be3 Qd6 18.Nb5 Qd7 19.Nxa7 Nb4 20.Qd2 Nd3 21.Nxc8 Rxc8 22.Be2 e4
23.Bxd3 exd3 24.Bd4 Qxd5 25.Qc3 Qc6 26.Re5 Nh5 27.Rxh5 Bxd4 28.Qxd4 gxh5
29.a4 Qxa4 30.Rxd3 cxd3 31.Qxa4 d2 32.Kf1 Rc1+ 33.Ke2 d1=Q+ 34.Qxd1 Rxd1
35.Kxd1 Kf8 36.Kd2 Ke7 37.Kd3 Kd6 38.Ke4 Ke6 39.Kf4 h6 40.Kg3 Kd5 41.Kh4 Kc4
42.Kxh5 Kb3 43.Kxh6 Kxb2 44.h4 b5 45.h5 b4 46.Kg5 f6+ 47.Kf4 Kc3 48.h6 b3
49.h7 b2 50.h8=Q b1=Q 51.Qxf6+ Kd2 52.Qd4+  1-0

[Event "TCh-CZE Liga 1 Zapad"]
[Site "Czech Rep CZE"]
[Date "2011.10.02"]
[Round "1.2"]
[White "Meduna, Eduard1"]
[Black "Skara, Vladimir"]
[Result "1-0"]
[WhiteElo "2420"]
[BlackElo "2219"]

1.d4 Nf6 2.c4 c5 3.d5 e6 4.Nc3 exd5 5.cxd5 d6 6.Nf3 g6 7.Nd2 Bg7 8.e4 O-O
9.Be2 Na6 10.O-O Nc7 11.a4 Re8 12.f3 Nd7 13.Nc4 Ne5 14.Bf4 Nxc4 15.Bxc4 Bd4+
16.Kh1 b6 17.Qd2 Qe7 18.Rab1 Bd7 19.b4 Rab8 20.Ne2 Be5 21.bxc5 Bxf4 22.Nxf4 bxc5
23.Qa5 Rxb1 24.Rxb1 Bc8 25.Qxa7 g5 26.Nh5 g4 27.Rf1 Kh8 28.Ng3 h5 29.Qa5 Kh7
30.fxg4 Bxg4 31.e5 h4 32.Ne4 Rg8 33.Nf6+  1-0

[Event "FSGM Oct"]
[Site "Budapest HUN"]
[Date "2011.10.03"]
[Round "3"]
[White "Arnold,Mar"]
[Black "Pap,M"]
[Result "1-0"]
[WhiteElo "2505"]
[BlackElo "2512"]

1.d4 Nf6 2.Nf3 e6 3.c4 c5 4.d5 exd5 5.cxd5 d6 6.Nc3 g6 7.Bf4 a6 8.a4 Bg7
9.h3 O-O 10.e3 Nh5 11.Bh2 f5 12.Be2 f4 13.Qd2 Bh6 14.e4 Bg7 15.O-O Nd7 16.g4 fxg3
17.fxg3 Nhf6 18.g4 Re8 19.e5 Nxe5 20.Nxe5 dxe5 21.g5 Nh5 22.Bxh5 gxh5 23.Ne4 Bxh3
24.Rf3 Bg4 25.Nf6+ Kh8 26.Rf2 e4 27.Re1 Qb6 28.Rf4 c4+ 29.Qe3 Qxe3+ 30.Rxe3 h6
31.Nxe8 Rxe8 32.Rfxe4 Rg8 33.Rxc4 hxg5 34.Be5 Rd8 35.Rc7 Bxe5 36.Rxe5 Bf3
37.d6 Bc6 38.d7 Rxd7 39.Re8+ Kg7 40.Rxd7+ Bxd7 41.Re7+  1-0

[Event "20th TCh-CRO 1a"]
[Site "Sibenik CRO"]
[Date "2011.10.07"]
[Round "4.2"]
[White "Martic,Z"]
[Black "Srbis,J"]
[Result "1-0"]
[WhiteElo "2364"]
[BlackElo "2292"]

1.d4 Nf6 2.c4 e6 3.Nc3 c5 4.d5 exd5 5.cxd5 d6 6.Nf3 g6 7.h3 Bg7 8.Bf4 O-O
9.e3 Qb6 10.Qc1 Bf5 11.Nd2 Qd8 12.g4 Bc8 13.Nc4 Ne8 14.a4 g5 15.Bg3 f5 16.gxf5 Bxf5
17.Qd2 Na6 18.Bd3 Bxd3 19.Qxd3 Nb4 20.Qe4 Qd7 21.Rd1 Rf6 22.h4 gxh4 23.Rxh4 Rg6
24.Ke2 Bf6 25.Rh2 Rg4 26.Bf4 Nc7 27.Nxd6 Rg7 28.Nf5 Re8 29.Qb1 Bxc3 30.Nxg7 Bxg7
31.Qxh7+ Kf8 32.Rg1 Ncxd5 33.Bh6 Nf4+ 34.Bxf4 Rd8 35.Bd6+  1-0

[Event "20th TCh-CRO 1a"]
[Site "Sibenik CRO"]
[Date "2011.10.09"]
[Round "6.4"]
[White "Kozul,Z"]
[Black "Biliskov,V"]
[Result "1-0"]
[WhiteElo "2541"]
[BlackElo "2354"]

1.d4 Nf6 2.Nf3 e6 3.c4 c5 4.d5 d6 5.Nc3 exd5 6.cxd5 g6 7.Bf4 a6 8.a4 Bg7
9.e4 O-O 10.Be2 Bg4 11.O-O Bxf3 12.Bxf3 Qe7 13.Re1 Nbd7 14.a5 Rab8 15.Na4 b5
16.axb6 Nxb6 17.e5 Nfd7 18.exd6 Qf6 19.Bg3 Qd4 20.Re7 Rfd8 21.Nxb6 Rxb6 22.Qe1 Qxb2
23.Rd1 Rbb8 24.Bg4 Bc3 25.Qe3 Bd4 26.Qf4 Nf6 27.d7 Rb7 28.h3 h5 29.Be6 Rdxd7
30.Bxd7 Rxd7 31.Rxd7 Nxd7 32.Qc7 Qb5 33.Re1 Bf6 34.Re8+ Kh7 35.Ra8 h4 36.Bd6 Qb1+
37.Kh2 Qf5 38.Re8 a5 39.Re3 a4 40.Kg1 Qb1+ 41.Kh2 Qf5 42.Qb7 Kg7 43.Kg1 Ne5
44.Qa8 Nc4 45.Qf8+ Kh7 46.Rf3 Qb1+ 47.Kh2 Be5+ 48.Bxe5 Nxe5 49.Rf4 g5 50.Rf6  1-0

[Event "20th TCh-CRO 1b"]
[Site "Sibenik CRO"]
[Date "2011.10.10"]
[Round "7.3"]
[White "Maras,M"]
[Black "Vrhovnik,D"]
[Result "1/2-1/2"]
[WhiteElo "2244"]
[BlackElo "2074"]

1.d4 Nf6 2.Nf3 c5 3.d5 e6 4.c4 exd5 5.cxd5 d6 6.Nc3 g6 7.e4 Bg7 8.Be2 a6
9.a4 Bg4 10.O-O Bxf3 11.Bxf3 O-O 12.Bf4 Ne8 13.a5 Nd7 14.Qc1 Ne5 15.Be2 b5
16.axb6 Qxb6 17.Ra2 Nc7 18.Bh6 Nb5 19.Bxg7 Kxg7 20.f4 Nd7 21.Rxa6 Rxa6 22.Bxb5 Ra7
23.Bxd7 Rxd7 24.e5 f5 25.Re1 Re8 26.h3 Rde7 27.e6 Rb8 28.Re2 Ra8 29.Qe1 Qb4
30.Qh4 Qd4+ 31.Kh2 Qf6 32.Qxf6+ Kxf6 33.Nb5 Ra6 34.Rc2 Rb7 35.Na3 Rb4 36.Nc4 h5
37.Rc3 Ke7 38.Kg3 Ra2 39.Kh4 Kf6 40.g3 Ra7 41.g4 fxg4 42.hxg4 hxg4 43.Kxg4 Raa4
44.b3 Ra1 45.Re3 Rg1+ 46.Kf3 Ke7 47.Nxd6 Kxd6 48.e7 Rb8 49.e8=Q Rxe8 50.Rxe8  1/2-1/2

[Event "11th Winterthur Open"]
[Site "Winterthur SUI"]
[Date "2011.10.14"]
[Round "8"]
[White "Gleizerov,E"]
[Black "Botta,Ga"]
[Result "1-0"]
[WhiteElo "2585"]
[BlackElo "2271"]

1.d4 Nf6 2.c4 c5 3.d5 e6 4.Nc3 exd5 5.cxd5 d6 6.Nf3 g6 7.g3 Bg7 8.Bg2 Na6
9.Nd2 Nc7 10.a4 b6 11.Nc4 Ba6 12.b3 Bxc4 13.bxc4 Ng4 14.Bd2 h5 15.h3 Ne5
16.Qb3 O-O 17.O-O f5 18.f4 Nd7 19.Rae1 h4 20.g4 fxg4 21.hxg4 Bd4+ 22.e3 h3
23.Bxh3 Qh4 24.Kg2  1-0

[Event "Indonesia Open"]
[Site "Jakarta INA"]
[Date "2011.10.16"]
[Round "4.9"]
[White "Guramishvili,S"]
[Black "Fier,A"]
[Result "0-1"]
[WhiteElo "2359"]
[BlackElo "2583"]

1.d4 Nf6 2.c4 c5 3.d5 e6 4.Nc3 exd5 5.cxd5 d6 6.Nf3 g6 7.Nd2 Bg7 8.Nc4 O-O
9.Bg5 Qd7 10.a4 Na6 11.Bf4 b6 12.Bxd6 Re8 13.f3 Nb4 14.e4 Nh5 15.g4 Ba6 16.Nb5 f5
17.gxh5 fxe4 18.f4 Bxb5 19.axb5 Nd3+ 20.Bxd3 exd3+ 21.Kd2 Re4 22.Qb3 Rae8
23.Rag1 Qf5 24.hxg6 h6 25.Kc1 Qxd5 26.Nd2 c4 27.Qa3 Re2 28.Be5 Bf8 29.Qxa7 Be7
30.Qc7 Ra8 31.b3 Rxe5 32.Qxe5 Qxe5 33.fxe5 c3 34.Kb1 Ba3 35.b4 c2+ 36.Ka2 c1=Q
37.Rxc1 Bxc1+ 38.Kb3 Bxd2 39.Rd1 Bf4 40.Rxd3 Bxh2 41.Rh3 Bf4 42.Kc4 Re8 43.Rh4 Bg5
44.Re4 Kg7 45.Kd5 Kxg6 46.e6 Kf5 47.Re2 h5 48.Kd6 h4  0-1

[Event "49th ch-IND NatA"]
[Site "Aurangabad IND"]
[Date "2011.10.17"]
[Round "9"]
[White "Deshmukh,A"]
[Black "Narayanan,Sri"]
[Result "0-1"]
[WhiteElo "2312"]
[BlackElo "2336"]

1.d4 Nf6 2.Nf3 e6 3.c4 c5 4.d5 d6 5.Nc3 exd5 6.cxd5 g6 7.Bf4 a6 8.h3 b5 9.Nd2 Qe7
10.e3 Nbd7 11.Bxb5 axb5 12.Nxb5 Qd8 13.Bxd6 Bxd6 14.Nxd6+ Kf8 15.Nxc8 Qxc8
16.e4 Qa6 17.Qe2 Kg7 18.Qxa6 Rxa6 19.O-O Rha8 20.a3 Ra4 21.f3 Rb8 22.b3 Rd4
23.Ra2 Nh5 24.Rc1 Nf4 25.Kf1 f5 26.b4 fxe4 27.fxe4 Rf8 28.Nf3 Nd3 29.Rc3 c4
30.Kg1 Rxe4 31.Ng5 Re1+ 32.Kh2 Rc8 33.Rac2 Nb6 34.b5 Re5  0-1

[Event "XXIX Balaton Open A"]
[Site "Heviz HUN"]
[Date "2011.10.22"]
[Round "5"]
[White "Egresi,M"]
[Black "Vegh,E"]
[Result "0-1"]
[WhiteElo "1987"]
[BlackElo "2267"]

1.d4 Nf6 2.c4 c5 3.d5 e6 4.Nc3 exd5 5.cxd5 d6 6.Nf3 g6 7.Bf4 a6 8.a4 Bg7
9.h3 O-O 10.e3 Nh5 11.Bh2 f5 12.Be2 Qe7 13.O-O Nd7 14.Nd2 Nhf6 15.Nc4 Ne8
16.a5 Ne5 17.Na4 Rb8 18.Nab6 Nxc4 19.Nxc4 Bd7 20.Rb1 Bb5 21.Na3 Bxe2 22.Qxe2 f4
23.Nc4 f3 24.gxf3 Qg5+ 25.Kh1 Qxd5 26.Rfd1 Qxf3+ 27.Qxf3 Rxf3 28.Nxd6 Nxd6
29.Rxd6 Rc8 30.Rb6 Rf7 31.Rc1 Bf6 32.Bd6 Bd8 33.Rb3 Rc6 34.Bxc5 Bxa5 35.Rd3 Rfc7
36.Rd8+ Kf7 37.b4 Bxb4 38.Rh8 Bxc5 39.Rxh7+ Kg8  0-1

[Event "TCh-BEL 2011-12"]
[Site "Belgium BEL"]
[Date "2011.10.23"]
[Round "2.2"]
[White "Wirig,A"]
[Black "Feygin,M"]
[Result "0-1"]
[WhiteElo "2499"]
[BlackElo "2521"]

1.d4 e6 2.c4 Nf6 3.Nf3 c5 4.d5 exd5 5.cxd5 d6 6.Nc3 g6 7.h3 Bg7 8.Bf4 a6
9.a4 O-O 10.e3 Re8 11.Nd2 Nbd7 12.Be2 Ne5 13.O-O Nfd7 14.Bh2 f5 15.Qc2 b6
16.b3 Bb7 17.Nc4 Qe7 18.Rac1 Rf8 19.Rfe1 Rae8 20.Qd2 Kh8 21.Bg3 Bh6 22.f4 Nxc4
23.Bxc4 Bg7 24.Qd3 Rf7 25.Bxa6 Bxa6 26.Qxa6 Bxc3 27.Rxc3 Qe4 28.Qc4 Nf6 29.Rd3 Qxc4
30.bxc4 Ne4 31.Bh4 Ra8 32.Ra1 Rfa7 33.Rb3 Rxa4 34.Rxa4 Rxa4 35.Rxb6 Rxc4
36.Be7 Rc1+ 37.Kh2 Rd1 38.Bxd6 Rxd5 39.Be5+ Kg8 40.Rb8+ Kf7 41.Rb7+ Ke6 42.Rxh7 c4
43.Rc7 Rc5 44.Rxc5 Nxc5 45.Kg3 c3 46.Bxc3 Ne4+ 47.Kf3 Nxc3 48.g4 Ne4 49.Ke2 Kd5
50.Kf3 Nf6 51.Kg3 Ke4 52.Kh4 Nh7 53.gxf5 gxf5  0-1

[Event "Banicky kahanec 2011"]
[Site "Zajezova SVK"]
[Date "2011.10.27"]
[Round "5"]
[White "Michalik,P"]
[Black "Simacek,P"]
[Result "1/2-1/2"]
[WhiteElo "2511"]
[BlackElo "2462"]

1.d4 Nf6 2.c4 c5 3.d5 e6 4.Nc3 exd5 5.cxd5 d6 6.Nf3 g6 7.g3 Bg7 8.Bg2 O-O
9.O-O Re8 10.Nd2 a6 11.a4 Nbd7 12.h3 Rb8 13.Nc4 Ne5 14.Na3 Nh5 15.e4 Rf8
16.Kh2 Bd7 17.Qe2 f5 18.f4 fxe4 19.fxe5 Nxg3 20.Rxf8+ Qxf8 21.Qe1 Bxe5 22.Nc4 Nf1+
23.Kg1 Bd4+ 24.Kh1 Bxh3 25.Qxf1 Qxf1+ 26.Bxf1 Bxf1 27.Nxd6 Rf8 28.Ncxe4 Be2
29.Kg2 Rf1 30.Ng5 h5 31.Ne6 Rg1+ 32.Kh2 Bf3 33.Nxd4 Rg2+ 34.Kh3 cxd4 35.Ra3 Bxd5
36.Rg3 Rxg3+ 37.Kxg3 Kg7 38.Bg5 b6 39.Nc8 b5 40.a5 Kf7 41.Kf4 Ke6 42.Ne7  1/2-1/2

[Event "TCh-HUN 2011-12"]
[Site "Budapest HUN"]
[Date "2011.10.30"]
[Round "2"]
[White "Prohaszka,P2"]
[Black "Torok,S"]
[Result "1-0"]
[WhiteElo "2553"]
[BlackElo "2319"]

1.d4 Nf6 2.c4 e6 3.Nf3 c5 4.d5 exd5 5.cxd5 d6 6.Nc3 g6 7.Nd2 Nbd7 8.e4 Nb6
9.Be2 Bg7 10.O-O O-O 11.a4 Bd7 12.a5 Nc8 13.Nc4 Qe7 14.Bf3 Ne8 15.Re1 f6
16.Bf4 Rb8 17.Qb3 Kh8 18.Na4 Bxa4 19.Qxa4 Nc7 20.b4 Na6 21.bxc5 Nxc5 22.Qc2 Nd7
23.Rac1 a6 24.Bg4 Ne5 25.Be6 Na7 26.Na3 Qd8 27.Be3 Nc8 28.f4 Nd7 29.Qc7 Nc5
30.Qxd8 Rxd8 31.Bxc5 dxc5 32.Bxc8 Rbxc8 33.Nc4 Rc7 34.d6 Rc6 35.e5 Bf8 36.Rcd1 Kg7
37.e6 Bxd6 38.Rxd6 Rcxd6 39.Nxd6  1-0

[Event "TCh-HUN 2011-12"]
[Site "Budapest HUN"]
[Date "2011.10.30"]
[Round "2"]
[White "Csiszar,Z"]
[Black "Szieberth,A"]
[Result "0-1"]
[WhiteElo "2272"]
[BlackElo "2347"]

1.d4 Nf6 2.c4 c5 3.d5 e6 4.Nc3 exd5 5.cxd5 d6 6.Nf3 a6 7.a4 g6 8.Nd2 Nbd7
9.e4 Bg7 10.Be2 O-O 11.O-O Re8 12.Qc2 Rb8 13.Re1 Ne5 14.h3 g5 15.Nf1 g4 16.hxg4 Nfxg4
17.f3 Nh6 18.Be3 f5 19.Qd2 Qf6 20.Ng3 Qg6 21.Bf4 Bd7 22.Kf2 Rf8 23.Rh1 fxe4
24.Ncxe4 Neg4+ 25.Ke1 Rxf4 26.Qxf4 Be5 27.Qd2 Nh2 28.f4 Nf5 29.Bh5 Qg7 30.fxe5 Nxg3
31.Nf6+ Kh8 32.Rxh2 Rf8 33.Bf3 Bf5 34.Nh5 Qxe5+ 35.Kd1 Nf1 36.Qc3 Qxc3 37.bxc3 Nxh2
38.Ke2 Bg6 39.Ng3 Re8+ 40.Kd2 Nxf3+ 41.gxf3 Kg7 42.f4 h5 43.Rh1 Rh8 44.Rh4 Kh6
45.a5 b5 46.axb6 Rb8 47.f5 Bf7 48.c4 Kg5 49.Rh1 Rxb6 50.Kc3 Kg4 51.Ne4 Kxf5
52.Rf1+ Kxe4 53.Rxf7 Rb1 54.Rf6 Rc1+ 55.Kb3 Ke5 56.Rh6 Rh1 57.Re6+ Kd4 58.Rxd6 Rh3+
59.Kb2 Kxc4 60.Rd8 Rh2+ 61.Kb1 Kc3 62.d6 Rh1+ 63.Ka2 Rd1 64.Rh8 Rxd6 65.Rxh5 c4
66.Rh4 Rd2+ 67.Kb1 Rd1+ 68.Ka2 Kd3 69.Rh8 c3 70.Rh3+ Kc2 71.Rh2+ Rd2 72.Rh3 Kc1+
73.Kb3 c2 74.Rh1+ Rd1 75.Rh2 Rd3+ 76.Ka2 Rd5 77.Rh1+ Rd1 78.Rh2 Re1 79.Kb3 Re3+
80.Ka2 Kd1  0-1

[Event "World Youth U16 Ol"]
[Site "Kocaeli TUR"]
[Date "2011.10.30"]
[Round "9.13"]
[White "Abasov,N"]
[Black "Dastan,B"]
[Result "1-0"]
[WhiteElo "2470"]
[BlackElo "2247"]

1.d4 Nf6 2.c4 c5 3.d5 e6 4.Nc3 exd5 5.cxd5 d6 6.Nf3 g6 7.Bf4 Nh5 8.Qa4+ Qd7
9.Qe4+ Kd8 10.Bg5+ Be7 11.e3 Bxg5 12.Nxg5 h6 13.Nf3 a6 14.a4 b6 15.Qc2 Re8
16.Nd2 Qc7 17.Be2 Nf6 18.O-O Nbd7 19.e4 Ke7 20.f4 Kf8 21.Bf3 Rb8 22.Kh1 b5
23.b3 Rb6 24.Rfe1 Kg7 25.Qb2 Kh7 26.Rad1 Rb8 27.Qc2 Qa5 28.Ra1 Qb6 29.Be2 c4
30.axb5 axb5 31.bxc4 b4 32.Nb5 Nc5 33.Bf3 Bd7 34.Reb1 Bxb5 35.Rxb4 Ba4 36.Raxa4 Nxa4
37.Rxb6 Nxb6 38.h3  1-0

[Event "Banicky kahanec 2011"]
[Site "Zajezova SVK"]
[Date "2011.10.30"]
[Round "8"]
[White "Markos,J"]
[Black "Simacek,P"]
[Result "1/2-1/2"]
[WhiteElo "2596"]
[BlackElo "2462"]

1.d4 Nf6 2.c4 c5 3.d5 e6 4.Nc3 exd5 5.cxd5 d6 6.Nf3 g6 7.h3 Bg7 8.e4 O-O
9.Bd3 b5 10.Bxb5 Nxe4 11.Nxe4 Qa5+ 12.Nfd2 Qxb5 13.Nxd6 Qa6 14.N2c4 Nd7 15.O-O Nb6
16.Nxb6 Qxb6 17.Nxc8 Raxc8 18.Rb1 Rfd8 19.Bf4 Qb7 20.d6 Bf8 21.Qd3 Rc6 22.Rfd1 Bxd6
23.Bxd6 Qd7 24.Qa3 Rxd6 25.Rxd6 Qxd6 26.Qxa7 Re8 27.Rc1 Re2  1/2-1/2

[Event "38th ch-IND w 2011"]
[Site "Chennai IND"]
[Date "2011.10.31"]
[Round "3"]
[White "Cholleti,S"]
[Black "Soumya,Sw"]
[Result "1/2-1/2"]
[WhiteElo "2074"]
[BlackElo "2318"]

1.d4 Nf6 2.Nf3 c5 3.d5 e6 4.c4 exd5 5.cxd5 d6 6.Nc3 g6 7.h3 a6 8.a4 Qe7 9.Bg5 Bg7
10.e3 Nbd7 11.Bd3 O-O 12.O-O Re8 13.e4 Qf8 14.Nd2 Rb8 15.a5 h6 16.Bf4 g5
17.Bh2 Ne5 18.Be2 Nfd7 19.Bh5 b5 20.axb6 Rxb6 21.Qc2 Qe7 22.Ra2 Rb4 23.Be2 Nb8
24.Re1 Rf8 25.Nf1 f5 26.exf5 Bxf5 27.Qc1 Qf7 28.Ne3 Bxh3 29.gxh3 Qxf2+ 30.Kh1 Nf3
31.Bxf3 Rxf3 32.Ng2 Rxh3 33.Ne4 Qf3 34.Ra3 Rxh2+ 35.Kxh2 Be5+ 36.Kg1 Bd4+
37.Kh2 Be5+ 38.Kg1 Bd4+ 39.Kh2 Be5+ 40.Kg1 Bd4+ 41.Kh2  1/2-1/2

[Event "12th Metropolitan Inv"]
[Site "Los Angeles USA"]
[Date "2011.11.10"]
[Round "2"]
[White "Troff,Kayden W"]
[Black "Amanov,Z"]
[Result "1/2-1/2"]
[WhiteElo "2279"]
[BlackElo "2411"]

1.d4 Nf6 2.c4 e6 3.Nf3 c5 4.d5 exd5 5.cxd5 d6 6.Nc3 g6 7.Bf4 Bg7 8.Qa4+ Bd7
9.Qb3 Qc7 10.e4 O-O 11.Bd3 Na6 12.Bxa6 bxa6 13.O-O Rab8 14.Qc2 Nh5 15.Bg5 f5
16.e5 dxe5 17.d6 Qxd6 18.Rad1 Qe6 19.Be3 Bc6 20.Bxc5 Bxf3 21.gxf3 Rf7 22.Qa4 Nf4
23.Be3 Nh3+ 24.Kh1 e4 25.f4 Bxc3 26.bxc3 g5 27.Qd4 Rg7 28.Qe5 Qxe5 29.fxe5 Rc7
30.Kg2 Nf4+ 31.Bxf4 gxf4 32.Rd6 Rb6 33.Rfd1 Rxc3 34.Rxb6 axb6 35.Rd6 Rc5
36.e6 Re5 37.Rxb6 e3 38.Kf1 a5 39.Rc6 Kf8 40.Rc4 Re4 41.Rc5 Ke7 42.fxe3 Kxe6
43.exf4 Rxf4+ 44.Kg2 Ra4 45.Rc7 h5 46.Rc2 Ra3 47.Kf2 Kf6 48.Kg2 Kg5 49.Rd2 Rc3
50.Rb2 Kg4 51.Rd2 f4 52.a4 Ra3 53.h3+ Rxh3 54.Rd5 Ra3 55.Rxa5 Ra2+ 56.Kg1 h4
57.Ra8 Kg3 58.Rg8+ Kf3 59.Ra8 Ra1+ 60.Kh2 Kf2 61.a5 f3 62.a6 Kf1 63.a7 f2
64.Rb8 Ke2 65.Re8+ Kd3 66.Rd8+ Ke4 67.Rf8 Ke3 68.Re8+ Kd4 69.Rd8+ Ke5 70.Rf8 Ra2
71.Kh3 Rxa7 72.Rxf2  1/2-1/2

[Event "5th Mediterranean Open"]
[Site "Rijeka CRO"]
[Date "2011.11.11"]
[Round "1.8"]
[White "Doric,D"]
[Black "Dizdarevic,Mirsad"]
[Result "1-0"]
[WhiteElo "2504"]
[BlackElo "1910"]

1.d4 Nf6 2.c4 c5 3.d5 e6 4.Nc3 exd5 5.cxd5 d6 6.Nf3 g6 7.h3 Bg7 8.Bf4 O-O
9.e3 a6 10.a4 Re8 11.Nd2 Nh5 12.Bh2 Be5 13.Bxe5 Rxe5 14.Nc4 Re8 15.Be2 Nf6
16.a5 Qe7 17.Nb6 Ra7 18.O-O Nbd7 19.Nca4 Nxb6 20.Nxb6 Nd7 21.b4 cxb4 22.Qa4 Nxb6
23.axb6 Ra8 24.Qxb4 Qg5 25.h4 Qxd5 26.Bf3 Qc5 27.Qb2 Qe5 28.Qd2 Qf6 29.Qb4 Rb8
30.Rfd1 Rd8 31.Rac1 h5 32.Rd4 d5 33.Bxd5 Rd6 34.Bxf7+  1-0

[Event "TCh-HUN 2011-12"]
[Site "Kecskemet HUN"]
[Date "2011.11.13"]
[Round "3"]
[White "Nestorovic,De"]
[Black "Torok,S"]
[Result "1-0"]
[WhiteElo "2390"]
[BlackElo "2319"]

1.d4 Nf6 2.c4 e6 3.Nf3 c5 4.d5 exd5 5.cxd5 d6 6.Nc3 g6 7.Nd2 b6 8.e4 Bg7
9.Bb5+ Bd7 10.a4 O-O 11.Be2 Ne8 12.O-O f5 13.exf5 Bxf5 14.Nc4 Na6 15.Nxd6 Nxd6
16.Bxa6 c4 17.Be3 Bd3 18.Re1 Qh4 19.Qd2 Rf5 20.f3 Rh5 21.g4 Bxc3 22.bxc3 Rxd5
23.Bd4 Rf8 24.Qe3 Re8 25.Qf2 Qxf2+ 26.Kxf2 Rxe1 27.Rxe1 Ra5 28.Bb5 Nxb5 29.axb5 Ra2+
30.Kg3 Be2 31.h4 Kf7 32.h5 g5 33.f4 h6 34.fxg5 hxg5 35.Rh1 Kg8 36.Rh2 Rd2
37.Be3 Rc2 38.Rf2 Bd3 39.Rxc2 Bxc2 40.Bxg5 Ba4 41.Be3 Bxb5 42.g5 Be8 43.g6 Kg7
44.Bd4+ Kh6 45.Kh4 Bxg6 46.hxg6 Kxg6 47.Kg4 Kf7 48.Kf5 Ke7 49.Ke5 Kd7 50.Kd5 Kc7
51.Be5+ Kb7 52.Kxc4 Kc6 53.Bf4 a6 54.Be5 a5 55.Bd4 b5+ 56.Kb3 Kc7 57.Bf6 Kd7
58.Kc2 b4 59.c4 a4 60.Bg7 Ke7 61.Kd3 Kf7 62.Bd4 Ke6 63.Bc5 b3 64.Ba3 Ke5
65.Kc3 Ke4 66.Kb4 Kd4 67.Bb2+  1-0

[Event "5th Mediterranean Open"]
[Site "Rijeka CRO"]
[Date "2011.11.17"]
[Round "7.11"]
[White "Battaglini,G"]
[Black "Krkljes,S"]
[Result "0-1"]
[WhiteElo "2423"]
[BlackElo "2171"]

1.d4 Nf6 2.c4 e6 3.Nc3 c5 4.d5 exd5 5.cxd5 d6 6.Nf3 a6 7.a4 g6 8.Bf4 Nbd7
9.h3 Rb8 10.e3 Qe7 11.Nd2 Ne5 12.Bh2 Bg7 13.Be2 O-O 14.O-O h6 15.Re1 g5 16.f4 Ng6
17.fxg5 hxg5 18.Nc4 Ne8 19.Bd3 Ne5 20.Bxe5 Bxe5 21.Qh5 f5 22.Nb6 Ng7 23.Qg6 g4
24.Nxc8 Rbxc8 25.Kf2 Qh4+ 26.Ke2 Rf6 27.Bxf5 Rxg6 28.Bxg6 gxh3 29.gxh3 Rf8
30.Ne4 Qxh3 31.Rg1 Qh2+ 32.Kd3 c4+ 33.Kxc4 Qc2+  0-1

[Event "WYCC U18 Open"]
[Site "Caldas Novas BRA"]
[Date "2011.11.18"]
[Round "1"]
[White "Bhawoodien,Mohamed Ozayr"]
[Black "Espinoza Palomino,W"]
[Result "0-1"]
[WhiteElo "1888"]
[BlackElo "2273"]

1.d4 Nf6 2.c4 e6 3.Nf3 c5 4.d5 exd5 5.cxd5 d6 6.Nc3 g6 7.Qa4+ Nbd7 8.Bf4 a6
9.e4 Nh5 10.Bg5 f6 11.Be3 Be7 12.Bd3 O-O 13.Nd2 Ne5 14.Be2 Bg4 15.f3 Bd7
16.Qd1 Ng7 17.f4 Nf7 18.Qb3 b5 19.a4 c4 20.Qc2 f5 21.Nf3 Bf6 22.O-O Re8 23.Nd2 Rb8
24.axb5 axb5 25.Nd1 fxe4 26.Nxe4 Nf5 27.Nxf6+ Qxf6 28.Qd2 b4 29.Bf2 c3 30.bxc3 bxc3
31.Qd3 c2 32.Ne3 Nxe3 33.Bxe3 Qe7 34.Kf2 Bb5 35.Qd2 Bxe2 36.Qxe2 Nh6 37.Rfe1 Qxe3+
38.Qxe3 Ng4+ 39.Kf3 Rxe3+ 40.Rxe3 Nxe3 41.Rc1 Nxd5  0-1

[Event "5th Mediterranean Open"]
[Site "Rijeka CRO"]
[Date "2011.11.18"]
[Round "8.18"]
[White "Levar,N"]
[Black "Sutkovic,D"]
[Result "0-1"]
[WhiteElo "2093"]
[BlackElo "2339"]

1.d4 Nf6 2.Nf3 c5 3.d5 e6 4.c4 exd5 5.cxd5 d6 6.Nc3 g6 7.e4 Bg7 8.Be2 O-O
9.O-O a6 10.a4 Re8 11.Qc2 Nbd7 12.Nd2 Rb8 13.Nc4 Nb6 14.Ne3 Qe7 15.f3 Nh5
16.a5 Nd7 17.g3 Bd4 18.Nd1 Ne5 19.Kh1 Bh3 20.Re1 Qg5 21.Nf5 Nxf3 22.Rg1 Qxf5
23.exf5 Nxg1 24.Ne3 Bxf5 25.Nxf5 Rxe2 26.Nh6+ Kg7 27.Qd3 Rbe8 28.g4 Re1 29.Nf5+ gxf5
30.Bh6+ Kxh6 31.Rxe1 Rxe1 32.Qd2+ Re3 33.gxh5 Nf3 34.Qc2 Nh4 35.Qc1 Kxh5
36.Qd1+ Kh6 37.Qf1 Kg5 38.b4 cxb4 39.Qc4 f4 40.Qc1 Bc3 41.Qg1+ Kf6  0-1

[Event "Haije Kramer Vierkamp"]
[Site "Leeuwarden NED"]
[Date "2011.11.19"]
[Round "3"]
[White "Werle,J"]
[Black "Brandenburg,D"]
[Result "1-0"]
[WhiteElo "2547"]
[BlackElo "2519"]

1.d4 Nf6 2.c4 c5 3.d5 e6 4.Nc3 exd5 5.cxd5 d6 6.Nf3 g6 7.Bf4 a6 8.a4 Bg7
9.e3 O-O 10.Be2 Ne8 11.h3 Nd7 12.O-O Qe7 13.Bh2 f5 14.a5 Kh8 15.Nd2 Ne5 16.Na4 Bd7
17.Nb6 Rd8 18.Rb1 Bb5 19.b4 Nd3 20.bxc5 dxc5 21.Rxb5 axb5 22.Bxd3 c4 23.Bxc4 bxc4
24.Ndxc4 Qc5 25.d6 f4 26.Bxf4 Rxf4 27.exf4 Nxd6 28.Nxd6 Rxd6 29.Qe2 Rd8 30.Nc4 Bf6
31.Qe6 Bd4 32.Ne5 Bxe5 33.fxe5 Qxa5 34.Qe7 Qd5 35.e6 Rc8 36.Re1 Qd2 37.Re3 Rc1+
38.Kh2 Qxf2 39.Qd8+ Kg7 40.Qd4+ Kh6 41.Qe4 Qg1+ 42.Kg3 Rc2 43.Qh4+ Kg7 44.Qe7+  1-0